| 000 | 00759nam a22002297a 4500 | ||
|---|---|---|---|
| 005 | 20170123162355.0 | ||
| 010 | _aA-442596 | ||
| 020 | _c100.00 | ||
| 035 | _aA-442596 | ||
| 037 | _bCen Lib / Ret | ||
| 040 |
_aDPL _bUR |
||
| 082 |
_a910 _bع ا ب |
||
| 100 |
_aعابدی، رضا علی _973 |
||
| 245 |
_a/ جرنیلی سڑک _cرضا علی عابدی |
||
| 246 |
_aGernaili sarak / _bby Raza Ali Abidi |
||
| 260 |
_aعلی گڑھ _bایجوکیشنل پبلشنگ ہاؤس _c1991 |
||
| 270 |
_aمسلم یونیورسٹی مارکٹ _bعلی گڑھ _e202002 |
||
| 300 |
_a310p. _c21cm (Hb) |
||
| 650 |
_aجغرافیہ اور سفر _9137777 |
||
| 650 |
_aGeography & travel _9137779 |
||
| 942 |
_2ddc _cUR _h910 _mع ا ب |
||
| 999 |
_c109530 _d109530 |
||